Länder, die an Italien grenzen - Statistiken

Allgemein
  • Dieses Quiz wurde 30.661 mal gespielt
  • Das Durchschnittsergebnis liegt bei 6 aus 6
Antwortstatistiken
Länge Länder % Korrekt
698 km Schweiz
99%
404 km Österreich
98%
476 km Frankreich
95%
3,4 km Vatikanstadt
89%
218 km Slowenien
86%
37 km San Marino
84%
Keine übereinstimmenden Quizze gefunden
Verteilung der Resultate
Anzahl Personen mit jedem Resultat
Perzentil nach korrekt beantworteten Fragen
Ihre Resultats-Entwicklung
Sie haben dieses Quiz noch nicht gespielt